Biopolitics After Truth : Knowledge, Power and Democratic Life /

Critically re-examines canonical theories of biopolitics in the post-truth contextArgues for a positive role of truth-telling in the democratisation of biopolitical governanceUndertakes a genealogical investigation of the origins of the contemporary post-truth regime in early post-communist politics...

Full description

Saved in:
Bibliographic Details
Main Author: Prozorov, Sergei (Author)
Format: eBook
Language:English
Published: Edinburgh : Edinburgh University Press, [2022]
Subjects:
ISBN:9781474485807
Online Access: Get full text
Tags: Add Tag
No Tags, Be the first to tag this record!

MARC

LEADER 00000nam a22000005i 4500
003 DE-B1597
005 20230526092701.0
006 m|||||o||d||||||||
007 cr || ||||||||
008 221201t20222021stk fo d z eng d
020 |a 9781474485807 
040 |a DE-B1597  |b eng  |c CVT  |e AACR2  |d CVT 
041 0 |a eng 
044 |a stk  |c GB-SCT 
072 7 |a 32  |2 CVT 
080 |a 32  |2 2011 
080 |a 321.7  |2 2011 
100 1 |a Prozorov, Sergei,   |e author.  |4 aut  |4 http://id.loc.gov/vocabulary/relators/aut 
245 1 0 |a Biopolitics After Truth :  |b Knowledge, Power and Democratic Life /  |c Sergei Prozorov. 
260 1 |a Edinburgh :   |b Edinburgh University Press,   |c [2022] 
300 |a 1 online resource (192 p.) 
505 0 0 |t Frontmatter --   |t Contents --   |t Introduction: The word of the year --   |t 1. The regime of equivalence --   |t 2. Subject to truth --   |t 3. The Russification of the West --   |t 4. The truth won't tell itself --   |t Coda: On error --   |t Bibliography --   |t Index 
516 |a text file PDF 
520 |a Critically re-examines canonical theories of biopolitics in the post-truth contextArgues for a positive role of truth-telling in the democratisation of biopolitical governanceUndertakes a genealogical investigation of the origins of the contemporary post-truth regime in early post-communist politicsPuts forward an innovative theory of the speech act of truth-telling in democratic biopoliticsDraws on familiar examples from contemporary politics such as Vladimir Putin, Donald Trump, Greta Thunberg and BrexitWhat makes post-truth politics so difficult to resist is its apparently democratic character that claims to challenge bureaucratic depoliticisation, the rule of experts and the disappearance of alternatives to the hegemonic policy. Sergei Prozorov refutes this interpretation, arguing that the post-truth ideology leads to the degradation of the public sphere that is essential to democratic governance. Rather than enable resistance to expertise-based biopolitical governmentalities, truth denialism dissolves the only framework where their contestation and transformation could take place. In contrast, Biopolitics after Truth argues for a positive role of truth-telling in the democratisation of biopolitical governance. 
650 0 |a Biopolitics. 
650 0 |a Democracy. 
650 0 |a Political science  |x Philosophy. 
650 4 |a Politics. 
650 7 |a POLITICAL SCIENCE / Political ideologies / Democracy.  |2 bisacsh 
653 |a biopolitika 
653 |a demokrácia 
653 |a politické vedy 
856 4 0 |u https://erproxy.cvtisr.sk/sfx/access?url=www.degruyter.com/document/isbn/9781474485807/html  |y Vzdialený prístup pre registrovaných používateľov 
910 |b ZE13374 
919 |a 978-1-4744-8580-7 
959 |a 02 
992 |a SUD 
999 |c 300493  |d 300493 
974 |b Rita Zubonyaiová